000 01165nam a2200313 i 4500
003 EG-GICUC
005 20260420165542.0
008 260420s1926 fr fr|||| 001 0 fre d
040 _aEG-GiCUC
_bfre
_cEG-GiCUC
_dEG-GiCUC
_eRda
041 _afre
082 0 4 _221
_a343.421
_bPI . T
092 0 4 _221
099 _aLaw1 10 343.421 Pi . T 1 Ed - 1926
100 1 _a Pila, J. Joseph,
_eAuteur
245 _a Le trafic des stupéfiants et la Société des Nations /
_c par J. Joseph Pila.
264 _a Paris :
_bSociété Anonyme Du Recueil Sirey ; Léon Tenin, Directeur De La Librairie,
_c1926.
300 _a298 page ;
_c 24 cm.
336 _2rda contenu
_a texte
337 _2rda medias
_aOrdinateur
338 _2 transporteur rda
_a Ressource en ligne
500 _aCertains soupirent après les gloires de ce monde, et certains soupirent après le paradis que promet le prophète.
504 _aComprend des références bibliographiques.
546 _aTexte en français
650 1 _aDroit pénal.
_2qrmak
651 1 _2qrmak
856 4 0 _uhttps://fll.law.cu.edu.eg/fulltext/bks/B10-10655.pdf
905 _a171
942 _2ddc
_cBK
_e21
_n0
999 _c72356
_d72356